On This Day: February 24th II Quiz Stats

 Plays Quiz Updated Feb 24, 2018

Score 0/7 Timer 03:00
0 Plays Today
Question Answer Wrong Answers
This American businessman, co-founder Apple Inc. and Pixar, is born.
1955
Steve Jobs
87.2%
Tim Cook
6.5%
Jeff Bezos
4%
Warren Buffett
0.8%
Fidel Castro retires as the President of Cuba and the Council of Ministers after 32 years. He is replaced by his brother, ______.
2008
Raúl
82.9%
Ernesto
3.5%
Hugo
2.7%
Ramón
8.5%
The US ambassador to the United Kingdom is given the decoded ______, in which Germany pledges to ensure the return of New Mexico, Texas, and Arizona to Mexico if Mexico declares war on the United States.
1917
Zimmermann Telegram
73.6%
Alexander Telegram
12.8%
Sanders Telegram
5.7%
Watson Telegram
7%
King Louis-Philippe of ______ abdicates the throne.
1848
France
68%
Sweden
6.1%
Belgium
21%
Norway
4.9%
This Member of Parliament becomes the first woman to speak in the House of Commons of the United Kingdom following her election three months earlier.
1920
Nancy Astor
46.6%
Bessie Braddock
17.6%
Margaret Bondfield
21%
Barbara Castle
13.4%
Ground troops cross the ______ border and enter Iraq, thus beginning the ground phase of the Gulf War.
1991
Saudi Arabian
43.5%
Iranian
25.5%
Jordanian
11.3%
Syrian
17.5%
The United States Olympic hockey team completes its Miracle on Ice by defeating this nation 4–2 to win the gold medal.
1980
Finland
35.2%
Canada
44.9%
Switzerland
2.1%
Sweden
15.9%

You're not logged in!

Compare scores with friends on all Sporcle quizzes.
OR
Log In

Sporcle TV

Today on Sporcle TV


Watch our educational content, quiz creation guides, and fun videos on Sporcle TV.

Show Comments

Extras

Top Quizzes Today


Score Distribution

Your Account Isn't Verified!

In order to create a playlist on Sporcle, you need to verify the email address you used during registration. Go to your Sporcle Settings to finish the process.

Report this User

Report this user for behavior that violates our Community Guidelines.

Details: